LEADER 03275nam 22007095 450 001 9910574073203321 005 20251113211537.0 010 $a3-031-01488-X 024 7 $a10.1007/978-3-031-01488-8 035 $a(MiAaPQ)EBC7007396 035 $a(Au-PeEL)EBL7007396 035 $a(CKB)23114201200041 035 $aEBL7007396 035 $a(AU-PeEL)EBL7007396 035 $a(OCoLC)1323254627 035 $a(DE-He213)978-3-031-01488-8 035 $a(EXLCZ)9923114201200041 100 $a20220531d2022 u| 0 101 0 $aeng 135 $aurcnu|||||||| 181 $ctxt$2rdacontent 182 $cc$2rdamedia 183 $acr$2rdacarrier 200 10$aAdvanced Transdisciplinary Engineering and Technology /$fedited by Azman Ismail, Mohd Amran Mohd Daril, Andreas Öchsner 205 $a1st ed. 2022. 210 1$aCham :$cSpringer International Publishing :$cImprint: Springer,$d2022. 215 $a1 online resource (405 pages) 225 1 $aAdvanced Structured Materials,$x1869-8441 ;$v174 300 $aDescription based upon print version of record. 311 08$aPrint version: Ismail, Azman Advanced Transdisciplinary Engineering and Technology Cham : Springer International Publishing AG,c2022 9783031014871 327 $a1. A Review on CSFs for Maintenance Management of Laboratory and Workshop in TVET Institutions -- 2. Sensing Coil Development in Measuring Magnetic Properties Material -- 3. Automated Chicken Coop Management System to Improve the Quality of Chicken Production -- 4. Applying Lean Technique in Medical Records Management at Hospital -- 5. Domain Driven Data Mining (DDDM) Framework for Effective Decision. . 330 $aThis book reports research findings and outcome from various discipline of engineering and technology, focusing on industrial technology operation and sustainable development. The content is the results of research done at the Research and Innovation Section of the Universiti Kuala Lumpur ? MITEC as well as several experts from other institutions in Malaysia. The content describes the latest knowledge and development aligned with current trends of industrial technology operation in Malaysia. 410 0$aAdvanced Structured Materials,$x1869-8441 ;$v174 606 $aIndustrial engineering 606 $aProduction engineering 606 $aStatics 606 $aMechanics, Applied 606 $aMaterials 606 $aIndustrial and Production Engineering 606 $aMechanical Statics and Structures 606 $aEngineering Mechanics 606 $aMaterials Engineering 615 0$aIndustrial engineering. 615 0$aProduction engineering. 615 0$aStatics. 615 0$aMechanics, Applied. 615 0$aMaterials. 615 14$aIndustrial and Production Engineering. 615 24$aMechanical Statics and Structures. 615 24$aEngineering Mechanics. 615 24$aMaterials Engineering. 676 $a670 702 $aMohd Daril$b Mohd Amran 702 $aIsmail$b Azman 702 $aO?chsner$b Andreas 801 0$bMiAaPQ 801 1$bMiAaPQ 801 2$bMiAaPQ 906 $aBOOK 912 $a9910574073203321 996 $aAdvanced transdisciplinary engineering and technology$92994214 997 $aUNINA